Statistiques concernant De quel parc d'attractions vient ce coaster ?

Cliquez ici pour prendre le quiz!

Statistiques générales

  • Ce quiz a été pris 282 fois
  • Le résultat moyen est 7 sur 12

Statistiques - réponses

Réponse% Correct
Disneyland Paris
95%
Europa-Park
92%
Parc Astérix
81%
Ferrari Land
77%
Port Aventura
74%
Phantasialand
65%
Nigloland
64%
Holiday Park
37%
Toverland
31%
Walygator
31%
Alton Towers
28%
Disney California Adventure
23%

Distribution des résultats

Percentile par nombre de réponses

% des personnes avec chaque résultat

Votre développement - résultats

Vous n’avez pas pris ce quiz